| 000 -ლიდერი |
| ფიქსირებული სიგრძის საკონტროლო ველი |
02372nam a22003017a 4500 |
| 003 - საკონტროლო ნომრის იდენტიფიკატორი |
| საკონტროლო ველი |
Ge_BSU |
| 005 - ბოლო ოპერაციის თარიღი და დრო |
| საკონტროლო ველი |
20210914133743.0 |
| 008 - ფიქსირებული სიგრძის მონაცემთა ელემენტები - ზოგადი ინფორმაცია |
| ფიქსირებული სიგრძის საკონტროლო ველი |
210914s2021 ge ||||| |||| 00| 0 geo d |
| 020 ## - წიგნის საერთაშორისო სტანდარტული ნომერი |
| International Standard Book Number |
9789941488313 |
| 041 ## - ენის კოდი |
| Language code of text/sound track or separate title |
geo |
| 080 ## - უნივერსალური ათობითი კლასიფიკაციის ინდექსი |
| Universal Decimal Classification number |
1(479.22)(092) ბ-17 |
| 245 ## - ცნობა სათაურის შესახებ |
| Title |
ფილოსოფიური და სოციალურ-პოლიტიკური კვლევები / |
| Statement of responsibility, etc |
სარედ. კოლ. : აბესალომ ასლანიძე, ლალი ანთიძე, ნოდარ ბარამიძე, ვარდო ბერიძე, რობერტ გოლეთიანი, ლალი ზაქარაძე, გიორგი მასალკინი, მიხეილ მახარააძე, თეიმურაზ მთიბელაშვილი; ბათუმის შოთა რსთაველის სახელმწიფო უნივერსიტეტი. ფილოსოფიის დეპარტამენტი. |
| 264 ## - წარმოების, გამოცემის, დისტრიბუციის და სხვა ცნობები |
| გამოცემის, წარმოების, დისტრიბუციის... ადგილი |
ბათუმი : |
| გამოცემის, წარმოების, დისტრიბუციის... სახელწოდება |
ბსუ, |
| გამოცემის, წარმოების, დისტრიბუციის... თარიღი |
2021. |
| 300 ## - ფიზიკური აღწერა |
| Extent |
147 გვ. |
| Other physical details |
20 სმ. |
| 504 ## - BIBLIOGRAPHY, ETC. NOTE |
| Bibliography, etc |
ბიბლიოგრ. თავების ბოლოს |
| 653 ## - INDEX TERM--UNCONTROLLED |
| Uncontrolled term |
ფილოსოფია |
| 700 ## - ADDED ENTRY--PERSONAL NAME |
| Personal name |
ასლანიძე, აბესალომ |
| Relator term |
რედაქტორი |
| 9 (RLIN) |
5886 |
| 700 ## - ADDED ENTRY--PERSONAL NAME |
| Personal name |
ანთიძე, ლალი |
| Relator term |
რედაქტორი |
| 9 (RLIN) |
6681 |
| 700 ## - ADDED ENTRY--PERSONAL NAME |
| Personal name |
ბარამიძე, ნოდარ |
| Relator term |
რედაქტორი |
| 9 (RLIN) |
12470 |
| 700 ## - ADDED ENTRY--PERSONAL NAME |
| Personal name |
ბერიძე, ვარდო |
| Relator term |
რედაქტორი |
| 9 (RLIN) |
5884 |
| 700 ## - ADDED ENTRY--PERSONAL NAME |
| Personal name |
გოლეთიანი, რობერტ |
| Relator term |
რედაქტორი |
| 9 (RLIN) |
12471 |
| 700 ## - ADDED ENTRY--PERSONAL NAME |
| Personal name |
ზაქარაძე, ლალი |
| Relator term |
რედაქტორი |
| 9 (RLIN) |
12472 |
| 700 ## - ADDED ENTRY--PERSONAL NAME |
| Personal name |
მასალკინი, გიორგი |
| Relator term |
რედაქტორი |
| 9 (RLIN) |
12473 |
| 700 ## - ADDED ENTRY--PERSONAL NAME |
| Personal name |
მახარააძე, მიხეილ |
| Relator term |
რედაქტორი |
| 9 (RLIN) |
12474 |
| 700 ## - ADDED ENTRY--PERSONAL NAME |
| Personal name |
მთიბელაშვილი, თეიმურაზ |
| Relator term |
რედაქტორი |
| 9 (RLIN) |
4506 |
| 710 ## - ADDED ENTRY--CORPORATE NAME |
| Corporate name or jurisdiction name as entry element |
ბათუმის შოთა რსთაველის სახელმწიფო უნივერსიტეტი. |
| Subordinate unit |
ფილოსოფიის დეპარტამენტი. |
| 9 (RLIN) |
12475 |
| 942 ## - ADDED ENTRY ELEMENTS (KOHA) |
| Source of classification or shelving scheme |
|
| Koha item type |
წიგნი |